Welcome to CU Library Online Public Access Catalogue (OPAC)

Instructor's Guide for Understanding Medical Surgical Nursing (Record no. 7832)

MARC details
000 -LEADER
fixed length control field 00492nam a22001577a 4500
005 - DATE AND TIME OF LATEST TRANSACTION
control field 20251027195310.0
008 - FIXED-LENGTH DATA ELEMENTS--GENERAL INFORMATION
fixed length control field 251027b |||||||| |||| 00| 0 eng d
020 ## - INTERNATIONAL STANDARD BOOK NUMBER
International Standard Book Number 9780803603332
050 ## - LIBRARY OF CONGRESS CALL NUMBER
Classification number RT41
Item number .W576
100 ## - MAIN ENTRY--PERSONAL NAME
Personal name Williams, Linda S.
245 ## - TITLE STATEMENT
Title Instructor's Guide for Understanding Medical Surgical Nursing
Statement of responsibility, etc. Linda S. Williams & Paula D. Hopper
260 ## - PUBLICATION, DISTRIBUTION, ETC.
Place of publication, distribution, etc. Philadelphia
Name of publisher, distributor, etc. F. A. Davis Company
Date of publication, distribution, etc. 1999
300 ## - PHYSICAL DESCRIPTION
Extent vii. 263p.
Dimensions 27cm
700 ## - ADDED ENTRY--PERSONAL NAME
Personal name Hopper, Paula D.
942 ## - ADDED ENTRY ELEMENTS (KOHA)
Source of classification or shelving scheme Library of Congress Classification
Koha item type Books
Suppress in OPAC No
999 ## -
-- 7832
-- 7832
Holdings
Withdrawn status Lost status Source of classification or shelving scheme Damaged status Not for loan Collection Home library Current library Shelving location Date acquired Total checkouts Full call number Barcode Date last seen Copy number Price effective from Koha item type
    Library of Congress Classification     Non-fiction Science Library (Miotso) Science Library (Miotso) General stacks 10/27/2025   RT41 .W576 WIL SLM00004625 10/27/2025 1 10/27/2025 Books
© 2023-2024 Copyright: Central University Libraries. All Rights Reserved | Created by: Mahone Tech Office